| 000 | 00592nam a2200205Ia 4500 | ||
|---|---|---|---|
| 001 | 47235 | ||
| 008 | 140429s9999 xx 000 0 und d | ||
| 020 | _a9788132105725 | ||
| 040 | _cPK-LaUMT | ||
| 082 |
_a 658.408 _bWER-S |
||
| 100 | _aChandler, David | ||
| 245 |
_aStrategic corporate social responsibility _bstakeholders in a global envirornment _cChandler, David<>Werther, William B. |
||
| 250 | _a2nd | ||
| 260 |
_aNew Delhi,India: _bSterling Publishers, _c2010 |
||
| 300 | _a413 p. | ||
| 546 | _aEN | ||
| 650 | _aSafety-management | ||
| 700 | _aWerther, William B. | ||
| 942 | _cBK | ||
| 999 |
_c45163 _d45163 |
||